Statystyki dla Kraje europy

Kliknij tutaj aby rozwiązać quiz!

Ogólne statystyki

  • Ten quiz został rozwiązany 30 razy
    (24 od ostatniego zresetowania)
  • Średni wynik to 36 z 45

Statystyki odpowiedzi

-Odpowiedź% Poprawnych
-Belgia
95%
-Niemcy
95%
-Polska
95%
-Rosja
95%
-Austria
90%
-Czechy
90%
-Hiszpania
90%
-Holandia
90%
-Litwa
90%
-Serbia
90%
-Słowacja
90%
-Szwecja
90%
-Bułgaria
86%
-Estonia
86%
-Islandia
86%
-Łotwa
86%
-Norwegia
86%
-Portugalia
86%
-Ukraina
86%
-Białoruś
81%
-Dania
81%
-Finlandia
81%
-Francja
81%
-Grecja
81%
-Irlandia
81%
-Luksemburg
81%
-Słowenia
81%
-Wielka Brytania
81%
-Albania
76%
-Bośnia
76%
-Chorwacja
76%
-Czarnogóra
76%
-Mołdawia
76%
-Monako
76%
-Węgry
76%
-Andora
71%
-Liechtenstein
71%
-Rumunia
71%
-Watykan
71%
-Włochy
71%
-Kosowo
67%
-Szwajcaria
67%
-Malta
62%
-San Marino
62%
-Macedonia
57%

Rozkład punktacji

Percentyl według liczby udzielonych odpowiedzi

Procent ludzi z każdym wynikiem

Twoja historia wyników

Nie rozwiązałeś tego quizu od ostatniego zresetowania